000
00311nam a22001457a 4500
008
210528b ||||| |||| 00| 0 eng d
020
_a
0387905294
041
_a
eng
080
_a
575
082
_a
575
100
_a
9
101
_a
IMU
245
_a
Fundamentals of Immunology
_c
Bier,O.G
942
_2
udc
_c
BK
999
_c
57779
_d
57779